| 000 | 01097nam a22003137a 4500 | ||
|---|---|---|---|
| 003 | CHAP | ||
| 005 | 20220329134333.0 | ||
| 008 | 971013s1982 cr r 00010 spa d | ||
| 010 | _a18983 | ||
| 011 | _a19955 | ||
| 035 | _a24042 | ||
| 040 | _cCHAP | ||
| 082 | 0 | 4 |
_a633.73016 _bC4 |
| 110 | 2 |
_aCentro Interamericano de Documentación e Información Agrícola _921178 |
|
| 245 | 1 | _aBibliografía del café | |
| 260 |
_aTurrialba, C.R. : _bInstituto Interamericano de Cooperación para la Agricultura, _c1982 |
||
| 300 | _a542 p. | ||
| 490 |
_aDocumentación e información agrícola _v; 11 |
||
| 590 |
_aBATCH-UPD _b10 _c20130110 _lUCH01 _h2120 |
||
| 590 |
_aBATCH-UPD _b10 _c20130410 _lUCH01 _h1430 |
||
| 590 |
_aBATCH-UPD _b10 _c20130914 _lUCH01 _h0810 |
||
| 590 |
_aCONVERSION _b10 _c20130109 _lUCH01 _h1311 |
||
| 650 | 1 | 4 |
_aCafé _xBibliografía. _917112 |
| 830 | 0 |
_aDocumentación e información agrícola _v; 11 _933183 |
|
| 901 | _aBK | ||
| 942 | _cLIBRO | ||
| 949 |
_a633.73016 C4 _bBC _cC _d33724000653580 _eC _fc.2 _h62758 _i24042 _si |
||
| 949 |
_a633.73016 C4 _bBC _cC _d33724000918959 _eC _i24042 _si |
||
| 999 |
_c18983 _d18983 |
||